[Event "AUTO-ADV-4837"]
[Site "http://www.queenalice.com/game.php?id=1849908"]
[Date "2025.1.5"]
[Round "1"]
[White "Shizumaru_Hisame"]
[Black "Connor"]
[Result "1-0"]
[WhiteElo "1950"]
[BlackElo "1864"]

1. e4 e5 2. Bc4 Nf6 3. d4 d5 4. exd5 Nxd5 5. dxe5 Be6 6. Nf3 Nc6 7. O-O Be7 8.
Re1 Na5 9. Bd3 c5 10. Bd2 Nc6 11. a3 a6 12. c3 b5 13. b4 c4 14. Be4 Qc7 15. Bxd5
Bxd5 16. Bf4 Bxf3 17. Qxf3 Qc8 18. Ra2 Nd8 19. a4 Ne6 20. axb5 Nxf4 21. Qxf4
axb5 22. Rd2 O-O 23. Rd5 Rb8 24. Re4 Qe6 25. Red4 Rfd8 26. Qe4 Qg6 27. Qxg6 hxg6
28. Rxd8+ Rxd8 29. Rxd8+ Bxd8 30. Na3 1-0

[Event "AUTO-ADV-4837"]
[Site "http://www.queenalice.com/game.php?id=1849915"]
[Date "2025.1.5"]
[Round "1"]
[White "SGF"]
[Black "Shizumaru_Hisame"]
[Result "1-0"]
[WhiteElo "1754"]
[BlackElo "1954"]

1. e4 e6 2. Qf3 Nc6 3. c3 Ne5 4. Qg3 Ng6 5. d3 d6 6. Be2 Nf6 7. h4 h5 8. Bg5 Be7
9. b4 b6 10. a4 Ne5 11. f4 Nc6 12. Bf3 e5 13. f5 Bb7 14. b5 Na5 15. Ne2 Qd7 16.
O-O O-O-O 17. Nd2 d5 18. Qxe5 dxe4 19. Bxe4 Ng4 20. Bxb7+ Nxb7 21. Qxg7 Qxd3 22.
Bxe7 Rdg8 23. Qd4 Qxe2 24. Rae1 Qxg2+ 25. Kxg2 Ne3+ 26. Kf2 Nxf1 27. Nxf1 Rh7
28. Qe4 Rg4 29. Qf3 Rxa4 30. Qd5 Rg7 31. Bf6 Rgg4 32. Re8+ Nd8 33. Rxd8# 1-0

[Event "AUTO-ADV-4837"]
[Site "http://www.queenalice.com/game.php?id=1849916"]
[Date "2025.1.5"]
[Round "1"]
[White "Shizumaru_Hisame"]
[Black "SGF"]
[Result "1-0"]
[WhiteElo "1949"]
[BlackElo "1778"]

1. e4 e5 2. Bc4 Qf6 3. Nc3 c6 4. d3 Bc5 5. Be3 Bxe3 6. fxe3 b5 7. Bb3 a5 8. a3
d6 9. Qh5 g6 10. Qf3 Bb7 11. O-O-O b4 12. Na4 Ra6 13. Rf1 Qxf3 14. Rxf3 f6 15.
Bxg8 Rxg8 16. Rxf6 Ke7 17. Rf3 bxa3 18. bxa3 c5 19. Nc3 a4 20. Nh3 h6 21. Rhf1
Rg7 22. Kd2 Nd7 23. Rb1 Bc6 24. Nd5+ Bxd5 25. exd5 Nb6 26. c3 Nxd5 27. Rb7+ Ke6
28. Rxg7 g5 29. Rgf7 g4 30. Rf2 Nf4 31. Rf8 gxh3 32. gxh3 Nxh3 33. Rf1 Rb6 34.
c4 Rb2+ 35. Kc3 Rb3+ 36. Kc2 Rxa3 37. R8f7 Ra2+ 38. Kb1 Rxh2 39. R1f6# 1-0

[Event "Escacs 161"]
[Site "http://www.queenalice.com/game.php?id=1850354"]
[Date "2025.1.16"]
[Round "-"]
[White "alterego"]
[Black "Shizumaru_Hisame"]
[Result "0-1"]
[WhiteElo "1578"]
[BlackElo "1967"]

1. d4 d5 2. c4 Nf6 3. c5 b6 4. b4 Ba6 5. g3 Nbd7 6. Bg2 bxc5 7. bxc5 e5 8. Qa4
Bb7 9. Nf3 exd4 10. Nxd4 Bxc5 11. Ba3 O-O 12. O-O Re8 13. e3 Bb6 14. Nc3 Ne5 15.
f4 Neg4 16. Rae1 Nxe3 17. Rf2 Nc4 18. Rfe2 Bxd4+ 19. Kh1 Bxc3 20. Rxe8+ Nxe8 21.
Rd1 a6 22. Bc5 Nb2 23. Qb3 Nxd1 24. Qxd1 Ba5 0-1

[Event "Escacs 162"]
[Site "http://www.queenalice.com/game.php?id=1850355"]
[Date "2025.1.16"]
[Round "-"]
[White "Shizumaru_Hisame"]
[Black "alterego"]
[Result "1-0"]
[WhiteElo "1960"]
[BlackElo "1576"]

1. e4 g6 2. d4 Bg7 3. Nf3 a6 4. Bc4 b5 5. Bd5 c6 6. Bb3 e6 7. Bd2 Ne7 8. Bc3 O-O
9. Qd3 d5 10. Nbd2 Nd7 11. O-O-O c5 12. dxc5 Nxc5 13. Qe3 Nxb3+ 14. Nxb3 Bxc3
15. Qxc3 Qb6 16. Qe1 Bb7 17. e5 Nf5 18. g4 Ne7 19. h4 d4 20. Nfxd4 Bxh1 21. Qxh1
Rac8 22. f4 Nd5 23. Qf3 f5 24. gxf5 Nb4 25. a3 Nc6 26. Nxe6 Rxf5 27. Nbd4 Nxe5
28. Qg3 Nc6 29. Nxf5 Nd8 30. Nh6+ Kh8 31. Nxd8 Rxd8 32. Rxd8+ Qxd8 33. Nf7+ 1-0

[Event "AUTO-ADV-4840"]
[Site "http://www.queenalice.com/game.php?id=1850491"]
[Date "2025.1.18"]
[Round "1"]
[White "Shizumaru_Hisame"]
[Black "jogo"]
[Result "1-0"]
[WhiteElo "1874"]
[BlackElo "1978"]

1. e4 c5 2. Bc4 e6 3. e5 Nc6 4. Nf3 d5 5. exd6 Bxd6 6. d3 Nf6 7. Bd2 h6 8. Bc3
a6 9. a3 O-O 10. Nbd2 b5 11. Ba2 Re8 12. Qe2 Nd5 13. Ne4 Nxc3 14. Nxc3 b4 15.
axb4 cxb4 16. Ne4 Bf8 17. O-O Nd4 18. Qd1 Nxf3+ 19. Qxf3 Rb8 20. Qg3 Bb7 21.
Rfd1 f5 22. Nd2 Bd6 23. Qe3 Kf7 24. Nc4 f4 25. Nxd6+ Qxd6 26. Qd2 Qc6 27. Qxf4+
Kg8 28. f3 Rf8 29. Qxb4 Ba8 30. Qc3 Qxc3 31. bxc3 Kf7 32. Bc4 Rb6 33. Bxa6 Bc6
34. Bc4 Bd5 35. Bxd5 exd5 36. Re1 Rb2 37. Ra7+ Kg6 38. Re2 Rb1+ 39. Kf2 Rb5 40.
Ra4 Rfb8 41. c4 dxc4 42. Rxc4 Rh5 43. h3 Rhb5 44. d4 R8b7 45. Rc3 Rd5 46. Rd3
Rc7 47. g4 Kf7 48. h4 Rcd7 49. Re4 Re7 50. Ke3 Rc7 51. c3 Rd8 52. g5 hxg5 53.
hxg5 Rdc8 54. Kd2 Ra8 55. d5 Ra2+ 56. Ke3 Rd7 57. d6 Ra6 58. Red4 Ke6 59. c4 Ra5
60. f4 Rc5 61. Ke4 g6 62. Rc3 Rd8 63. Rd5 Rxd5 64. cxd5+ 1-0

[Event "AUTO-ADV-4840"]
[Site "http://www.queenalice.com/game.php?id=1850492"]
[Date "2025.1.18"]
[Round "1"]
[White "jogo"]
[Black "Shizumaru_Hisame"]
[Result "1-0"]
[WhiteElo "1996"]
[BlackElo "1969"]

1. e4 e6 2. d4 Nf6 3. e5 Ng8 4. f4 Bb4+ 5. c3 Ba5 6. Qg4 g6 7. b4 Bb6 8. a4 a6
9. a5 Ba7 10. Be3 Ne7 11. Nd2 Nd5 12. Bf2 Nxc3 13. Rc1 Nb5 14. Bxb5 axb5 15. Bh4
Qxh4+ 16. Qxh4 Na6 17. Ne4 Bxd4 18. Nf6+ Kf8 19. Qh6+ Ke7 20. Qg7 Rd8 21. Ng8+
Ke8 22. Qf6 Kf8 23. Qxd8+ Kg7 24. Nf6 Kh6 25. Qf8# 1-0

[Event "AUTO-ADV-4806"]
[Site "http://www.queenalice.com/game.php?id=1850626"]
[Date "2025.1.20"]
[Round "2"]
[White "SGF"]
[Black "Shizumaru_Hisame"]
[Result "1-0"]
[WhiteElo "1662"]
[BlackElo "1962"]

1. e4 d5 2. Qf3 dxe4 3. Qxe4 Nc6 4. Bb5 Bd7 5. c3 e6 6. h4 Bc5 7. b4 Bb6 8. a4
a6 9. Bxc6 Bxc6 10. Qg4 Qf6 11. f3 Qe5+ 12. Ne2 h5 13. Qf4 Qxf4 14. Nxf4 Nf6 15.
d4 Nd5 16. Nxd5 Bxd5 17. a5 Ba7 18. Bf4 Rc8 19. Be5 O-O 20. O-O Bc4 21. Re1 b6
22. axb6 Bxb6 23. Na3 Bb5 24. c4 Bc6 25. b5 axb5 26. cxb5 Bd5 27. Nc2 f6 28. Bf4
e5 29. Be3 exd4 30. Bxd4 Bxd4+ 31. Nxd4 Kf7 32. Ra7 Rfe8 33. Rxe8 Kxe8 34. Nf5
g5 35. b6 cxb6 36. Nd6+ Kd8 37. Nxc8 Kxc8 38. hxg5 fxg5 39. Rg7 g4 40. fxg4 hxg4
41. Rxg4 b5 42. Rg5 Bc4 43. g4 Kb7 44. Re5 Kc6 45. g5 Kd6 46. Re1 Kc5 47. g6 b4
48. g7 b3 49. Re5+ Kb4 50. Re4 Kc3 51. Rxc4+ Kxc4 52. g8=Q+ Kc3 53. Qg7+ Kc2 54.
Qc7+ Kb1 55. Qh7+ Ka1 56. Qg7+ b2 57. Qa7+ Kb1 58. Kf1 Kc1 59. Qc5+ Kd2 60. Qb4+
Kc2 61. Qc4+ Kd2 62. Qb3 Kc1 63. Qc3+ Kb1 64. Ke2 Ka2 65. Qa5+ Kb1 66. Kd3 Kc1
67. Qe1# 1-0

[Event "AUTO-ADV-4806"]
[Site "http://www.queenalice.com/game.php?id=1850627"]
[Date "2025.1.20"]
[Round "2"]
[White "Shizumaru_Hisame"]
[Black "SGF"]
[Result "1-0"]
[WhiteElo "1954"]
[BlackElo "1699"]

1. e4 e5 2. Bc4 Qf6 3. d3 d6 4. Nf3 Bg4 5. Be3 a6 6. Nbd2 b5 7. Bg5 Bxf3 8. Nxf3
Qg6 9. Qd2 bxc4 10. Qb4 h6 11. Qb7 hxg5 12. Qxa8 cxd3 13. Qxb8+ Kd7 14. cxd3 Ne7
15. O-O-O Nc6 16. Qb7 g4 17. Nd2 Nd4 18. Qxa6 Ne2+ 19. Kb1 Nf4 20. g3 Nh3 21.
Rhf1 Qf6 22. f3 gxf3 23. Rxf3 Qg6 24. Rc1 Ng5 25. Rf2 Nh3 26. Rff1 Ng5 27. Qb7
Rxh2 28. Qxc7+ Ke6 29. Qc8+ Ke7 30. Rc7# 1-0

[Event "AUTO-ADV-4806"]
[Site "http://www.queenalice.com/game.php?id=1850632"]
[Date "2025.1.20"]
[Round "2"]
[White "Shizumaru_Hisame"]
[Black "Connor"]
[Result "0-1"]
[WhiteElo "1958"]
[BlackElo "1866"]

1. e4 e5 2. Bc4 Nf6 3. d3 d5 4. exd5 Nxd5 5. Qh5 Be6 6. Qxe5 Nc6 7. Qg3 Na5 8.
Bb5+ c6 9. Ba4 b5 10. Bb3 Nxb3 11. axb3 Nb4 12. Na3 g6 13. Bd2 Bg7 14. Bc3 Bxc3+
15. bxc3 Qf6 16. d4 Nd5 17. Ne2 O-O 18. Qd6 Bg4 19. Qxf6 Nxf6 20. f3 Bf5 21. O-O
Rfe8 22. Ng3 Bd7 23. c4 a6 24. cxb5 axb5 25. c4 bxc4 26. bxc4 Re3 27. Nb1 Rxa1
28. Rd1 Rb3 0-1

[Event "AUTO-ADV-4806"]
[Site "http://www.queenalice.com/game.php?id=1850633"]
[Date "2025.1.20"]
[Round "2"]
[White "Connor"]
[Black "Shizumaru_Hisame"]
[Result "0-1"]
[WhiteElo "1886"]
[BlackElo "1938"]

1. d4 d6 2. e3 Bd7 3. Nf3 Bc6 4. c4 d5 5. Nc3 dxc4 6. Bxc4 e6 7. O-O Bd6 8. Bd3
Nd7 9. e4 Nf8 10. e5 Be7 11. Be4 Bxe4 12. Nxe4 Qd7 13. Bg5 O-O-O 14. Bxe7 Qxe7
15. Qa4 Kb8 16. b4 Nd7 17. Nc5 Nb6 18. Qb3 Kc8 19. a4 Nd5 20. a5 b6 21. axb6
cxb6 22. Nd3 Rd7 23. Rfc1+ Kd8 24. Qa4 Ke8 25. Qa6 f6 26. Rc8+ Kf7 27. Ra8 Nxb4
28. Nxb4 Qxb4 29. Rxa7 Rxa7 0-1

[Event "AUTO-ADV-4810"]
[Site "http://www.queenalice.com/game.php?id=1851006"]
[Date "2025.1.25"]
[Round "2"]
[White "Fredo"]
[Black "Shizumaru_Hisame"]
[Result "1-0"]
[WhiteElo "2062"]
[BlackElo "1840"]

1. e4 e6 2. d4 d6 3. Nf3 Bd7 4. Bd3 Bc6 5. O-O h6 6. Nc3 b6 7. Bf4 Nd7 8. Nd2
Bb7 9. Be3 Qe7 10. f4 O-O-O 11. Qe2 Ndf6 12. Nb5 Kb8 13. a4 d5 14. e5 Nd7 15. f5
Rc8 16. a5 c6 17. Nd6 Rc7 18. b4 b5 19. Bxb5 cxb5 20. Qxb5 a6 21. Qd3 Qd8 22.
Nxf7 Qc8 23. Rfc1 Rh7 24. fxe6 Nxe5 25. Nxe5 g6 26. b5 Qxe6 27. Ndf3 Kc8 28. b6
Rcg7 29. c4 Kd8 30. c5 Ne7 31. Ra3 Nc6 32. Nxc6+ Bxc6 33. Qxa6 g5 34. Ne5 Bb7
35. Qb5 h5 36. c6 Bxa3 37. c7+ Rxc7 38. Rxc7 Rxc7 39. bxc7+ Kxc7 40. Bxg5 Bd6
41. Qb6+ Kb8 42. Nc6+ Ka8 43. Qa7# 1-0

[Event "AUTO-ADV-4810"]
[Site "http://www.queenalice.com/game.php?id=1851007"]
[Date "2025.1.25"]
[Round "2"]
[White "Shizumaru_Hisame"]
[Black "Fredo"]
[Result "0-1"]
[WhiteElo "1880"]
[BlackElo "2025"]

1. e4 c5 2. Bc4 e6 3. d3 d5 4. exd5 exd5 5. Bb3 Nf6 6. Bg5 Be7 7. Qe2 O-O 8. Nc3
Nc6 9. Bxf6 Bxf6 10. Qd2 Re8+ 11. Nge2 Bg4 12. f3 Be6 13. O-O-O Qb6 14. Na4 Qb5
15. Nec3 Qb4 16. a3 Qa5 17. Nxd5 Qxd2+ 18. Rxd2 Bxd5 19. Bxd5 Bg5 20. Nxc5 Re2
21. Kb1 Bxd2 22. g4 Nd4 23. Bxb7 Rae8 24. Ne4 Bf4 25. c4 Rb8 26. Bd5 Rbxb2+ 27.
Ka1 Ra2+ 28. Kb1 Reb2# 0-1

[Event "AUTO-ADV-4810"]
[Site "http://www.queenalice.com/game.php?id=1851010"]
[Date "2025.1.25"]
[Round "2"]
[White "Canaye14"]
[Black "Shizumaru_Hisame"]
[Result "1-0"]
[WhiteElo "1876"]
[BlackElo "1916"]

1. d4 e6 2. Nf3 d5 3. Bf4 Bd7 4. e3 Bc6 5. Bd3 Ne7 6. O-O Ng6 7. Bg3 Bd6 8. Ne5
Nxe5 9. dxe5 Bc5 10. Nc3 a6 11. Ne2 Nd7 12. Nd4 Bxd4 13. exd4 f6 14. Qh5+ Ke7
15. exf6+ Nxf6 16. Qe2 Qg8 17. c4 Kd7 18. Rfe1 Re8 19. c5 h5 20. Qe5 Rc8 21. f4
Qf7 22. f5 Rhe8 23. fxe6+ Rxe6 24. Qf5 Re8 25. Re5 g6 26. Qxg6 Qxg6 27. Bxg6 Rh8
28. Bf5 Kd8 29. Rxe6 Ne4 30. Bxe4 dxe4 31. Rd1 Bb5 32. d5 Bc4 33. b3 Bd3 34. d6
cxd6 35. Rxd6+ Ke7 36. R6xd3 exd3 37. Rxd3 h4 38. Bd6+ Ke6 39. Kf2 Re8 40. Re3+
Kd7 41. Rxe8 Kxe8 42. Kf3 1-0

[Event "AUTO-ADV-4810"]
[Site "http://www.queenalice.com/game.php?id=1851011"]
[Date "2025.1.25"]
[Round "2"]
[White "Shizumaru_Hisame"]
[Black "Canaye14"]
[Result "0-1"]
[WhiteElo "1934"]
[BlackElo "1883"]

1. e4 e6 2. d4 d5 3. exd5 exd5 4. Bd2 Nf6 5. Bc3 Be7 6. Nd2 O-O 7. Bd3 Nbd7 8.
Qe2 Re8 9. O-O-O Bb4 10. Qf1 Bxc3 11. bxc3 c5 12. Bb5 Qa5 13. Kb2 c4 14. a4 a6
15. Bxd7 Bxd7 16. Ra1 b5 17. axb5 Qxb5+ 18. Kc1 Bf5 19. Ne2 Rab8 20. Kd1 Bxc2+
21. Ke1 Ne4 22. f3 Nxc3 23. Kf2 Nxe2 24. g3 Nxd4 25. Nxc4 Qxc4 26. Qh3 Qe2+ 27.
Kg1 Nxf3# 0-1

[Event "AUTO-ADV-4810"]
[Site "http://www.queenalice.com/game.php?id=1851012"]
[Date "2025.1.25"]
[Round "2"]
[White "SGF"]
[Black "Shizumaru_Hisame"]
[Result "1-0"]
[WhiteElo "1725"]
[BlackElo "1919"]

1. e4 d5 2. Qf3 dxe4 3. Qxe4 Nc6 4. c3 Be6 5. d4 a6 6. Be2 Bd5 7. Qg4 Nf6 8. Qg3
h6 9. h4 e6 10. a4 g6 11. Bf4 Bd6 12. Bxd6 Ne4 13. Bxc7 Nxg3 14. Bxd8 Nxh1 15.
Bf6 Rg8 16. Bf3 Bxf3 17. Nxf3 Kd7 18. Nbd2 Nxf2 19. Kxf2 Rgc8 20. Ne5+ Nxe5 21.
Bxe5 Ke7 22. Ne4 Rf8 23. Bg7 Rfc8 24. g4 f5 25. gxf5 exf5 26. Ng3 Ke6 27. Re1+
Kd5 28. Bxh6 Kc4 29. Ne2 Kb3 30. Bc1 Kxa4 31. Nf4 Rg8 32. d5 g5 33. hxg5 Rxg5
34. Nd3 Kb5 35. Bxg5 Kc4 36. Nf4 Kb3 37. Re2 Rf8 38. Ne6 Rf7 39. Kf3 Rd7 40. Rd2
a5 41. Nc5+ 1-0

[Event "AUTO-ADV-4810"]
[Site "http://www.queenalice.com/game.php?id=1851013"]
[Date "2025.1.25"]
[Round "2"]
[White "Shizumaru_Hisame"]
[Black "SGF"]
[Result "0-1"]
[WhiteElo "1895"]
[BlackElo "1770"]

1. e4 e5 2. d4 Qf6 3. Nf3 d6 4. h3 h6 5. Qd2 Be7 6. Qe3 Nc6 7. Bb5 a6 8. dxe5
dxe5 9. Ba4 b5 10. Bb3 g5 11. Bd2 Bb4 12. Bc3 Bxc3+ 13. Nxc3 Nd4 14. Nd5 Qd6 15.
Nxc7+ Qxc7 16. Nxd4 exd4 17. Qxd4 Rh7 18. O-O-O Ne7 19. Rd2 Nc6 20. Qe3 f6 21.
c3 b4 22. Bd1 bxc3 23. Qxc3 Ne5 24. Bh5+ Kf8 25. Rc2 Qxc3 26. bxc3 Rc7 27. Kb1
Rb8+ 28. Ka1 Nd3 29. f3 Rcb7 30. c4 Nb4 31. Rc3 a5 32. Rd1 Be6 33. a3 Nc6 34.
Rc2 Rb3 35. Ka2 a4 36. Rd6 Nd8 37. g3 Ke7 38. Rdd2 Nc6 39. h4 Ne5 40. Rf2 Nxc4
41. hxg5 hxg5 42. Rg2 R3b7 43. f4 Ne3+ 0-1

[Event "AUTO-ADV-4828"]
[Site "http://www.queenalice.com/game.php?id=1851747"]
[Date "2025.2.7"]
[Round "2"]
[White "Capixaba789"]
[Black "Shizumaru_Hisame"]
[Result "1-0"]
[WhiteElo "1932"]
[BlackElo "1894"]

1. d4 e6 2. e4 Bb4+ 3. c3 Ba5 4. a4 Bb6 5. a5 Bxa5 6. Rxa5 b6 7. Rg5 g6 8. f4
Bb7 9. Rg3 Bxe4 10. Be2 Bxb1 11. Nf3 Be4 12. O-O Bb7 13. Ne5 Qe7 14. b4 Nc6 15.
Bf3 O-O-O 16. Ba3 Nxe5 17. Bxb7+ Kxb7 18. fxe5 f5 19. Qa1 Qh4 20. b5 Ne7 21. Bb4
Nd5 22. Qa6+ Kb8 23. Qa3 Nxb4 24. Qxb4 Qe4 25. Ra1 c6 26. Qa4 cxb5 27. Qxa7+ Kc8
28. Qxb6 d6 29. exd6 Kd7 30. Qc7+ Ke8 31. Qe7# 1-0

[Event "AUTO-ADV-4828"]
[Site "http://www.queenalice.com/game.php?id=1851748"]
[Date "2025.2.7"]
[Round "2"]
[White "Shizumaru_Hisame"]
[Black "Capixaba789"]
[Result "0-1"]
[WhiteElo "1870"]
[BlackElo "1946"]

1. e4 e5 2. Bc4 Nc6 3. a3 a6 4. c3 Be7 5. Qb3 d5 6. exd5 Na5 7. Qa2 Nxc4 8. Qxc4
Bd6 9. Nf3 Nf6 10. Qh4 Bf5 11. Qg5 Bd7 12. Qxg7 Rg8 13. Qh6 Qe7 14. g3 O-O-O 15.
c4 e4 16. Qe3 exf3 17. O-O Qf8 18. Qa7 Be8 19. Qa8+ Kd7 20. Qxb7 Ne4 21. d3 Nc5
22. Qb4 f5 23. Qc3 Bh5 24. Kh1 Bg4 25. Nd2 f4 26. d4 fxg3 27. hxg3 Qh6+ 28. Kg1
Ne4 29. Nxe4 Qh3 30. Nf6+ Kc8 31. Nxg4 Qg2# 0-1

[Event "AUTO-ADV-4828"]
[Site "http://www.queenalice.com/game.php?id=1851749"]
[Date "2025.2.7"]
[Round "2"]
[White "Sigmund"]
[Black "Shizumaru_Hisame"]
[Result "1-0"]
[WhiteElo "1883"]
[BlackElo "1857"]

1. e4 d5 2. exd5 Qxd5 3. Nc3 Qd8 4. Nf3 Bd7 5. d4 Nf6 6. Bc4 e6 7. O-O Bd6 8.
Be3 Bc6 9. a3 Nbd7 10. Bg5 h6 11. Bh4 g5 12. Bg3 Bxg3 13. fxg3 Nf8 14. Ne5 Rh7
15. Nxc6 bxc6 16. Qf3 Qxd4+ 17. Kh1 Nd5 18. Nxd5 cxd5 19. Bd3 Rg7 20. c3 Qb6 21.
Qf6 Nd7 22. Qxg7 f5 23. Qh8+ Nf8 24. Bxf5 O-O-O 25. Bg4 Nd7 26. Qd4 Nf8 27. b4
Kd7 28. Qg7+ Kd6 29. Rxf8 Rxf8 30. Qxf8+ Kd7 31. Re1 Qa6 32. Rxe6 Qd3 33. Re3+
1-0

[Event "AUTO-ADV-4828"]
[Site "http://www.queenalice.com/game.php?id=1851750"]
[Date "2025.2.7"]
[Round "2"]
[White "Shizumaru_Hisame"]
[Black "Sigmund"]
[Result "1-0"]
[WhiteElo "1838"]
[BlackElo "1906"]

1. e4 e5 2. Bc4 Nc6 3. a3 Nf6 4. d3 h6 5. Bd2 Bc5 6. Qe2 Nd4 7. Qd1 O-O 8. Nf3
c6 9. Nxe5 d5 10. exd5 cxd5 11. Ba2 Qe8 12. Bf4 Ng4 13. O-O Nxe5 14. Qh5 Ng6 15.
Qxd5 Ne6 16. Bd2 Qe7 17. Qe4 Bb6 18. Kh1 Qd6 19. f4 Nc5 20. Qf3 Bd7 21. Bd5 Bc6
22. Bxc6 bxc6 23. Bb4 a5 24. Bc3 Ne6 25. f5 Ng5 26. Qd1 Nh4 27. Qg4 Nxg2 28.
Qxg2 f6 29. Nd2 Rfe8 30. h4 Nf7 31. Ne4 Qe7 32. Nxf6+ Kh8 33. Nxe8 Rxe8 34.
Qxg7# 1-0

[Event "AUTO-ADV-4827"]
[Site "http://www.queenalice.com/game.php?id=1852985"]
[Date "2025.2.26"]
[Round "2"]
[White "Shizumaru_Hisame"]
[Black "Capixaba789"]
[Result "0-1"]
[WhiteElo "1819"]
[BlackElo "1927"]

1. e4 e5 2. d4 Qh4 3. Qd3 Bb4+ 4. Bd2 Bxd2+ 5. Nxd2 Nc6 6. Ngf3 Qe7 7. O-O-O
exd4 8. Nxd4 d6 9. Nxc6 bxc6 10. Qc3 Bd7 11. Qxg7 Qf6 12. Qxf6 Nxf6 13. f3 O-O
14. g4 Be6 15. Kb1 a5 16. h4 c5 17. h5 a4 18. g5 Ne8 19. f4 a3 20. b3 c6 21. f5
Bc8 22. Bc4 Nc7 23. g6 d5 24. exd5 cxd5 25. Bd3 f6 26. gxh7+ Kxh7 27. Rdg1 Bb7
28. h6 Rg8 29. Re1 d4 30. Rh4 Nd5 31. Bc4 Rg2 32. Ne4 Ne3 33. Nxf6+ Kh8 34. Bd3
Bf3 35. Rf4 Bd1 36. Be4 Bxc2+ 37. Kc1 Bxe4 38. Nxe4 Rxa2 39. Kb1 Rb2+ 40. Kc1
Rxb3 41. Rg1 a2 42. Kd2 a1=Q 43. Rxa1 Rxa1 44. Ke2 Ra2+ 45. Kf3 Nxf5+ 46. Kg4
Nxh6+ 47. Kg5 Rg2+ 48. Kf6 Rb6+ 49. Ke5 d3 50. Nxc5 d2 51. Rf1 Ng4+ 52. Kd4 Rd6+
53. Kc3 Ne3 0-1

[Event "AUTO-ADV-4827"]
[Site "http://www.queenalice.com/game.php?id=1852986"]
[Date "2025.2.26"]
[Round "2"]
[White "Capixaba789"]
[Black "Shizumaru_Hisame"]
[Result "1/2-1/2"]
[WhiteElo "1939"]
[BlackElo "1807"]

1. d4 e6 2. e4 h6 3. Nf3 Bb4+ 4. c3 Ba5 5. Bc4 d5 6. exd5 exd5 7. Bd3 Bd7 8. O-O
Bc6 9. Re1+ Ne7 10. a4 Bb6 11. Bf4 Nd7 12. a5 a6 13. axb6 Nxb6 14. Nbd2 Qd7 15.
Ne5 Qd8 16. Nxf7 Kxf7 17. Qf3 Kg8 18. Qg3 Rc8 19. Nf3 Be8 20. Ne5 Nd7 21. Bc2
Nf6 22. Rad1 Bh5 23. Rd2 Ne4 24. Bxe4 dxe4 25. Rxe4 Qd5 26. Re1 Be8 27. c4 Qa5
28. Qe3 Ng6 29. Nxg6 Bxg6 30. Rde2 Kh7 31. Be5 Rhe8 32. Qf3 b5 33. c5 c6 34. h3
Qd8 35. b4 Rf8 36. Qg4 Ra8 37. Qe6 Be8 38. Bd6 Bd7 39. Qe4+ Bf5 40. Qxc6 Rf6 41.
Qd5 a5 42. bxa5 Rxa5 43. Qb3 Rxd6 44. cxd6 Qxd6 45. d5 b4 46. Re7 Rxd5 47. Qb2
Qg6 48. Qxb4 Bxh3 49. g3 Rg5 50. Qf4 Qc6 51. Qe4+ Qg6 52. Qxg6+ Rxg6 53. Kh2 Bc8
54. Rc7 1/2-1/2

[Event "AUTO-OPEN-4550"]
[Site "http://www.queenalice.com/game.php?id=1854402"]
[Date "2025.3.23"]
[Round "2"]
[White "Shizumaru_Hisame"]
[Black "Tonto"]
[Result "0-1"]
[WhiteElo "1812"]
[BlackElo "2057"]

1. e4 e5 2. Bc4 Nf6 3. d4 Nc6 4. dxe5 Nxe5 5. Qe2 d6 6. h3 Be7 7. Bb3 O-O 8. Bd2
b6 9. Bc3 c5 10. Nd2 a6 11. O-O-O b5 12. Bd5 Nxd5 13. exd5 Re8 14. Bxe5 dxe5 15.
Qxe5 Bf6 16. Qh5 Qa5 17. Kb1 Bb7 18. Nb3 Qb4 19. c3 Qe4+ 20. Kc1 Qxg2 21. Nf3
Qxf2 22. Rhf1 Qe3+ 23. Kb1 g6 24. Qg4 Bc8 25. Qg3 Bf5+ 26. Ka1 Qe4 27. Nxc5 Qc4
28. Nb3 Bxc3 29. Rf2 a5 30. Nh4 a4 31. Nd2 Bxb2+ 32. Kxb2 a3+ 33. Ka1 Qd4+ 0-1